|
|
|
|
| LEADER |
00639nab a2200181 i 4500 |
| 001 |
misc44728 |
| 005 |
20191106141106.0 |
| 008 |
181005s1995 hu o 0|| zxx d |
| 022 |
|
|
|a 1215-5233
|
| 040 |
|
|
|a SZTE Miscellanea Repozitórium
|b hun
|
| 041 |
|
|
|a zxx
|
| 100 |
1 |
|
|a Kiss Antal
|
| 245 |
1 |
0 |
|a Vörösmarty és Jung
|h [elektronikus dokumentum] /
|c Kiss Antal
|
| 260 |
|
|
|c 1995
|
| 300 |
|
|
|a 91-93
|
| 490 |
0 |
|
|a Iskolakultúra
|v 5 No. 11-12
|
| 695 |
|
|
|a Szimbólum, Tudatalatti, Álom - pszichológia, Carl Gustav Jung, Vörösmarty Mihály
|
| 856 |
4 |
0 |
|u http://misc.bibl.u-szeged.hu/44728/1/iskolakultura_1995_011_012_091-093.pdf
|z Dokumentum-elérés
|